Psychologická diagnostika dospělých

Saved in:
Bibliographic Details
Main Author: Svoboda, Mojmír
Format: Book
Language:Czech
Published: Praha Portál 2010
Edition:4. vyd.
Subjects:
Tags: Add Tag
No Tags, Be the first to tag this record!

MARC

LEADER 00000nam a2200000 4500
001 0121440
005 20230109114824.6
020 |a 978-80-7367-706-0 
041 0 |a cze 
044 |a CZ 
245 1 0 |a Psychologická diagnostika dospělých  |c Mojmír Svoboda 
250 |a 4. vyd. 
264 1 |a Praha  |b Portál  |c 2010 
300 |a 343 s. 
610 2 0 |a diagnostikácia 
610 2 0 |a psychológia 
610 2 0 |a dospelí 
610 2 0 |a metódy 
610 2 0 |a testy psychologické 
610 2 0 |a osobnosť 
100 1 |a Svoboda, Mojmír